Administración pública. Actividad reglada, discrecional y técnica (Registro nro. 6125)

Detalles MARC
000 -LEADER
fixed length control field 01530 a2200229 4500
001 - CONTROL NUMBER
control field 57125
005 - DATE AND TIME OF LATEST TRANSACTION
control field 20260407155834.0
008 - FIXED-LENGTH DATA ELEMENTS--GENERAL INFORMATION
fixed length control field 260407a1994 arg spa d
003 - CONTROL NUMBER IDENTIFIER
control field AR-UNSa-BCEJYS
040 ## - CATALOGING SOURCE
Original cataloging agency AR-UNSa-BCEJYS
Language of cataloging spa
Transcribing agency AR-UNSa-BCEJYS
080 ## - UNIVERSAL DECIMAL CLASSIFICATION NUMBER
Universal Decimal Classification number 35
Common auxiliary subdivision Administración Pública
020 ## - INTERNATIONAL STANDARD BOOK NUMBER
International Standard Book Number 950-14-0772-1
041 ## - LANGUAGE CODE
Language code of text/sound track or separate title spa
100 1# - MAIN ENTRY--PERSONAL NAME
Personal name Sesin, Domingo J.
245 10 - TITLE STATEMENT
Title Administración pública. Actividad reglada, discrecional y técnica
Name of part/section of a work nuevos mecanismos de control judicial
264 #1 - PRODUCTION, PUBLICATION, DISTRIBUTION, MANUFACTURE, AND COPYRIGHT NOTICE
Place of production, publication, distribution, manufacture Buenos Aires :
Name of producer, publisher, distributor, manufacturer Ediciones Depalma
Date of production, publication, distribution, manufacture, or copyright notice 1994
300 ## - PHYSICAL DESCRIPTION
Extent 394 p.
Dimensions 23 cm.
505 ## - FORMATTED CONTENTS NOTE
Formatted contents note 1. El principio de juridicidad en la experiencia contemporánea – 2. La discrecionalidad dentro del orden jurídico administrativo – 3. Noción conceptual de la discrecionalidad – 4. Caracteres prácticos distintivos de la discrecionalidad – 5. La discrecionalidad técnica en sus diversas concepciones – 6. La técnica como presupuesto del orden jurídico y límite de la discrecionalidad – 7. Control judicial. Precisa demarcación de la zona de penumbra. Los juicios técnicos complejos. Una perspectiva diferente – 8. Verificación y apreciación de los hechos, calificación jurídica y determinación de la conducta – 9. Modalidades del control de la inserción de la discrecionalidad dentro de la juridicidad – 10. Conclusiones generales
590 ## - LOCAL NOTE (RLIN)
Local note niveau_biblio:m niveau_hierar:0
856 41 - ELECTRONIC LOCATION AND ACCESS
Uniform Resource Identifier <a href="https://www.biblioeco.unsa.edu.ar/pmb/images/libros/L128703.jpg">https://www.biblioeco.unsa.edu.ar/pmb/images/libros/L128703.jpg</a>
Link text Imagen de portada
Electronic format type image/jpeg
942 ## - ADDED ENTRY ELEMENTS (KOHA)
Koha item type
Existencias
Withdrawn status Lost status Damaged status Not for loan Home library Current library Shelving location Date acquired Total checkouts Full call number Barcode Date last seen Price effective from Koha item type
        Biblioteca Prof. Eusebio Cleto del Rey Biblioteca Prof. Eusebio Cleto del Rey   07/04/2026   35 S493 L128703 07/04/2026 07/04/2026 Libro